LAS 13 LUNAS DE 1981 (Registro nro. 289)
[ vista simple ]
| 000 -LEADER | |
|---|---|
| fixed length control field | 00415nam a2200157 a 4500 |
| 001 - CONTROL NUMBER | |
| control field | 289 |
| 005 - DATE AND TIME OF LATEST TRANSACTION | |
| control field | 20180713180441.0 |
| 008 - FIXED-LENGTH DATA ELEMENTS--GENERAL INFORMATION | |
| fixed length control field | 140415s1981 000 0 spa d |
| 041 ## - LANGUAGE CODE | |
| Language code of text/sound track or separate title | spa |
| 082 ## - DEWEY DECIMAL CLASSIFICATION NUMBER | |
| Classification number | 036.106 |
| Item number | DIF |
| 245 04 - TITLE STATEMENT | |
| Title | LAS 13 LUNAS DE 1981 |
| 250 ## - EDITION STATEMENT | |
| Edition statement | 1a ed. |
| 260 ## - PUBLICATION, DISTRIBUTION, ETC. | |
| Place of publication, distribution, etc. | [s.l.] : |
| Name of publisher, distributor, etc. | DIFUSORA INTERNACIONAL MEXICANA, |
| Date of publication, distribution, etc. | 1981 |
| 300 ## - PHYSICAL DESCRIPTION | |
| Extent | 507 |
| 650 14 - SUBJECT ADDED ENTRY--TOPICAL TERM | |
| Topical term or geographic name entry element | ANUARIOS |
| General subdivision | PUBLICACIONES SERIADAS |
| Withdrawn status | Lost status | Source of classification or shelving scheme | Damaged status | Not for loan | Collection code | Home library | Current library | Shelving location | Date acquired | Source of acquisition | Inventory number | Total Checkouts | Full call number | Barcode | Date last seen | Price effective from | Koha item type |
|---|---|---|---|---|---|---|---|---|---|---|---|---|---|---|---|---|---|
| Dewey Decimal Classification | Referencia | Biblioteca Karol Wojtyla | Biblioteca Karol Wojtyla | Área de silencio | 03/12/2013 | Compra | 151000000000000000071505 | '036.106 DIF | 10334 | 05/01/2026 | 03/12/2013 | Libro R |